LEADER 00686nam0-22002651i-450- 001 990004576300403321 005 19990530 035 $a000457630 035 $aFED01000457630 035 $a(Aleph)000457630FED01 035 $a000457630 100 $a19990530d1932----km-y0itay50------ba 101 0 $aita 105 $ay-------001yy 200 1 $aPhilip II of Spain$fDavid Loth 210 $aLondon$cG. Routledge$d1932 215 $a298 p.$d22 cm 700 1$aLoth,$bDavid$0138987 801 0$aIT$bUNINA$gRICA$2UNIMARC 901 $aBK 912 $a990004576300403321 952 $a6/IX C 13$bBIBL.12336$fFLFBC 959 $aFLFBC 996 $aPhilip II of Spain$9549415 997 $aUNINA LEADER 02823nas 2200913-a 450 001 996202957803316 005 20230707213041.0 011 $a1873-6513 035 $a(DE-599)ZDB1500639-6 035 $a(OCoLC)39183744 035 $a(CKB)954925551354 035 $a(CONSER)--2007233102 035 $a(EXLCZ)99954925551354 100 $a19980527a19869999 s-- - 101 0 $aeng 135 $aurmnu|||||||| 181 $ctxt$2rdacontent 182 $cc$2rdamedia 183 $acr$2rdacarrier 200 10$aJournal of pain and symptom management 210 $a[Madison, WI] $c[Dept. of Anesthesiology, University of Wisconsin--Madison] 300 $aRefereed/Peer-reviewed 300 $aPublished by: New York, NY : Elsevier Science Publishing, <1991-> 311 $a0885-3924 531 $aJ PAIN SYMPTOM MANAGE 531 $aJ PAIN SYMPTOM MANAG 531 $aJ PAIN SYMP 531 $aJOURNAL OF PAIN & SYMPTOM MANAGEMENT 531 $aJ. PAIN SYMPTOM MANAGE 606 $aPain$vPeriodicals 606 $aPalliative treatment$vPeriodicals 606 $aPain 606 $aPalliative treatment 606 $aPain$xPeriodicals 606 $aPalliative treatment$xPeriodicals 606 $aPain 606 $aPalliative Care 606 $aDouleur$xPériodiques 606 $aSoins palliatifs$xPériodiques 606 $aDouleur$vPériodiques 606 $aSoins palliatifs$vPériodiques 606 $aDouleur 606 $aSoins palliatifs 606 $aPain$2fast$3(OCoLC)fst01050382 606 $aPalliative treatment$2fast$3(OCoLC)fst01051719 606 $aPijn$2gtt 606 $aAnalgesie$2gtt 608 $aPeriodical 608 $aperiodicals.$2aat 608 $aPeriodicals.$2fast 608 $aPeriodicals.$2lcgft 608 $aPériodiques.$2rvmgf 615 0$aPain 615 0$aPalliative treatment 615 0$aPain. 615 0$aPalliative treatment. 615 0$aPain$xPeriodicals. 615 0$aPalliative treatment$xPeriodicals. 615 2$aPain 615 2$aPalliative Care 615 6$aDouleur$xPériodiques. 615 6$aSoins palliatifs$xPériodiques. 615 6$aDouleur 615 6$aSoins palliatifs 615 6$aDouleur. 615 6$aSoins palliatifs. 615 7$aPain. 615 7$aPalliative treatment. 615 17$aPijn. 615 17$aAnalgesie. 676 $a615 712 02$aUniversity of Wisconsin--Madison.$bDepartment of Anesthesiology. 712 02$aUnited States Cancer Pain Relief Committee. 712 02$aNational Hospice and Palliative Care Organization (U.S.) 712 02$aAmerican Academy of Hospice and Palliative Medicine. 906 $aJOURNAL 912 $a996202957803316 996 $aJournal of pain and symptom management$91897931 997 $aUNISA LEADER 03366nam 22005535 450 001 9910338004803321 005 20230804142014.0 010 $a9781484245040 010 $a1484245040 024 7 $a10.1007/978-1-4842-4504-0 035 $a(CKB)4930000000042200 035 $a(MiAaPQ)EBC5742868 035 $a(DE-He213)978-1-4842-4504-0 035 $a(CaSebORM)9781484245040 035 $a(PPN)235234982 035 $a(OCoLC)1179144117 035 $a(OCoLC)on1179144117 035 $a(EXLCZ)994930000000042200 100 $a20190330d2019 u| 0 101 0 $aeng 135 $aurcnu|||||||| 181 $ctxt$2rdacontent 182 $cc$2rdamedia 183 $acr$2rdacarrier 200 10$aPowerShell and Python Together $eTargeting Digital Investigations /$fby Chet Hosmer 205 $a1st ed. 2019. 210 1$aBerkeley, CA :$cApress :$cImprint: Apress,$d2019. 215 $a1 online resource (223 pages) 311 08$a9781484245033 311 08$a1484245032 320 $aIncludes bibliographical references. 327 $aChapter 1: An Introduction to PowerShell for Investigators -- Chapter 2: PowerShell Pipelining -- Chapter 3: PowerShell Scripting Targeting Investigation -- Chapter 4: Python and Live Investigation/Acquisition -- Chapter 5: PowerShell / Python Investigation Example -- Chapter 6: Launching Python from PowerShell -- Chapter 7: Loose Ends and Future Considerations -- Appendix: Challenge Problem Solutions -- . 330 $aBring together the Python programming language and Microsoft?s PowerShell to address digital investigations and create state-of-the-art solutions for administrators, IT personnel, cyber response teams, and forensic investigators. You will learn how to join PowerShell's robust set of commands and access to the internals of both the MS Windows desktop and enterprise devices and Python's rich scripting environment allowing for the rapid development of new tools for investigation, automation, and deep analysis. PowerShell and Python Together takes a practical approach that provides an entry point and level playing field for a wide range of individuals, small companies, researchers, academics, students, and hobbyists to participate. What You?ll Learn: Leverage the internals of PowerShell for: digital investigation, incident response, and forensics Leverage Python to exploit already existing PowerShell CmdLets and aliases to build new automation and analysis capabilities Create combined PowerShell and Python applications that provide: rapid response capabilities to cybersecurity events, assistance in the precipitous collection of critical evidence (from the desktop and enterprise), and the ability to analyze, reason about, and respond to events and evidence collected across the enterprise. 606 $aData protection 606 $aPython (Computer program language) 606 $aData and Information Security 606 $aPython 615 0$aData protection. 615 0$aPython (Computer program language) 615 14$aData and Information Security. 615 24$aPython. 676 $a005.282 700 $aHosmer$b Chet$4aut$4http://id.loc.gov/vocabulary/relators/aut$0865893 801 0$bUMI 801 1$bUMI 906 $aBOOK 912 $a9910338004803321 996 $aPowerShell and Python Together$92514891 997 $aUNINA